| 000 | 00818nam a2200265 a 4500 | ||
|---|---|---|---|
| 001 | 000081281 | ||
| 005 | 20200120224457.0 | ||
| 008 | 161116s2014 ck ||||gr|||| 001 ||eng d | ||
| 020 | _a9789587433678 | ||
| 041 | 0 | _a/+spa | |
| 043 | _as-ck--- | ||
| 090 |
_aJN _bPESa |
||
| 100 | 1 | _aPescetti, Luis María | |
| 245 | 1 | 0 |
_aAlma y Frin / _cLuis María Pescetti ; ilustraciones de Lucía Mancilla Prieto. |
| 250 | _a1a. ed. | ||
| 260 |
_aBogotá : _bAlfaguara, _c2014. |
||
| 300 | _a280 páginas. | ||
| 490 | 0 | _aAlfagura Juvenil | |
| 650 | 1 | 7 |
_aNovela juvenil argentina _2LEMB |
| 650 | 2 | 7 |
_aLiteratura juvenil argentina _2LEMB |
| 650 | 2 | 7 |
_aAmistad en la literatura _2LEMB |
| 650 | 2 | 7 |
_aVacaciones en la literatura _2LEMB |
| 650 | 2 | 7 |
_aFútbol en la literatura _2LEMB |
| 700 | 1 |
_aMancilla Prieto, Lucía, _eilustrador |
|
| 999 |
_c9694 _d9694 |
||